000
00331nam a2200133Ia 4500
008
240624s9999 xx 000 0 und d
041
_a
eng
082
_a
330.019 COR
100
_a
CORR PHILIP
245
_a
BEHAVIORAL ECONOMICS THE BASICS
260
_c
2019
_a
London
_b
Routledge
300
_a
x, 249 p.; 17 cm.
365
_c
BPS
_b
35
999
_c
31473
_d
31473